000 01777nam a2200361 c 4500
003 BLK
005 20240502150728.0
008 180408b bul|||||r ||||||| ||bul||
010 _aKNG00083817000
020 _a978-954-771-168-6
_bиздат.: Кръгозор
040 _aBLK
041 _aBUL
_cBUL
080 _aБългарска литература
_b821.163.2
_x(075.3)
_z821.163.2(075.3)
100 1 _aТодорова, София Йосифова
_eпърви автор
_9372204
700 1 _aВелчев, Иван Велчев
_eсъавт.
_9272020
139 _aТодорова, София Йосифова и др.
_bТ 64
245 1 0 _aБългарската литература за матура
_bОт Христо Ботев до Димитър Талев : Интерпретации на всички худож. текстове от уч.-изпитната програма по бълг. ез. и лит.
_cСофия Йосифова Тодорова; съавт. Иван Велчев Велчев.
257 _aBGR
260 София
_bКръгозор
_c2008
_fСофия : печ. Вулкан
300 _a360 с.
_c21 см
380 _a82
490 1 _aУспешна матура : Стъпка по стъпка
_v4
650 4 _aБългарска литература - теми, образи, сюжети - учебни помагала
_9250537
653 _aбългарска литература
653 _aзрелостни изпити
653 _aматури
852 _aЦб 239878
856 4 _qpdf
_u
856 4 _qpdf
_u
942 _cKNG
_n0
_011
944 _aCR
_c20.05.2008
_lГалина Якимова
_k30564
944 _aED
_c28.12.2015
_lф /
_kВиолета_Тройчева
999 _c79343
_d79343